Airlines Based in the UK - Statistics

General Stats
  • This quiz has been taken 124 times
    109 since last reset
  • The average score is 7 of 11
Answer Stats
Answer % Correct
British Airways
96%
EasyJet
95%
Ryanair
84%
Virgin Atlantic
79%
Jet2
75%
FlyBe
68%
TUI
62%
Loganair
56%
Aer Lingus
48%
Wizz Air
36%
Delta Air Lines
9%
No matching quizzes found
Score Distribution
Percent of People with Each Score
Percentile by Number Answered
Your Score History
You have not taken this quiz since the last reset